Paraguay : Fifth Review Under the Stand-By Arrangement; Staff Report; Press Release on the Executive Board Discussion; and Statement by the Executive Director for Paraguay.

The rebound in inflation since mid-2007 is mostly owed to a jump in food prices in Paraguay. The price volatility of fruits and vegetables explains the divergence between headline and core inflation indicators observed in 2007. Following a decline that started in 2006, core inflation has risen in th...

Deskribapen osoa

Xehetasun bibliografikoak
Erakunde egilea: International Monetary Fund
Formatua: Aldizkaria
Hizkuntza:English
Argitaratua: Washington, D.C. : International Monetary Fund, 2008.
Saila:IMF Staff Country Reports; Country Report ; No. 2008/180
Sarrera elektronikoa:Full text available on IMF
LEADER 01682cas a2200241 a 4500
001 AALejournalIMF005147
008 230101c9999 xx r poo 0 0eng d
020 |c 5.00 USD 
020 |z 9781451832549 
022 |a 1934-7685 
040 |a BD-DhAAL  |c BD-DhAAL 
110 2 |a International Monetary Fund. 
245 1 0 |a Paraguay :   |b Fifth Review Under the Stand-By Arrangement; Staff Report; Press Release on the Executive Board Discussion; and Statement by the Executive Director for Paraguay. 
264 1 |a Washington, D.C. :  |b International Monetary Fund,  |c 2008. 
300 |a 1 online resource (76 pages) 
490 1 |a IMF Staff Country Reports 
500 |a <strong>Off-Campus Access:</strong> No User ID or Password Required 
500 |a <strong>On-Campus Access:</strong> No User ID or Password Required 
506 |a Electronic access restricted to authorized BRAC University faculty, staff and students 
520 3 |a The rebound in inflation since mid-2007 is mostly owed to a jump in food prices in Paraguay. The price volatility of fruits and vegetables explains the divergence between headline and core inflation indicators observed in 2007. Following a decline that started in 2006, core inflation has risen in the second part of 2007. High export volume growth, coupled with a slowdown in import growth, have led to a turn around in the current account from a small deficit in 2006 to a surplus of about 1 1\2 percent of GDP in 2007. 
538 |a Mode of access: Internet 
830 0 |a IMF Staff Country Reports; Country Report ;  |v No. 2008/180 
856 4 0 |z Full text available on IMF  |u http://elibrary.imf.org/view/journals/002/2008/180/002.2008.issue-180-en.xml  |z IMF e-Library